| 000 | 00884 a2200169 4500 | ||
|---|---|---|---|
| 003 | Nust | ||
| 005 | 20230321133031.0 | ||
| 040 | _cNust | ||
| 082 | _a657,ELL | ||
| 100 |
_aEllis,H.L. _9110887 |
||
| 245 |
_aThe Principles and Interpretation of Accounts / _cH.L.Ellis |
||
| 260 |
_aLondon _bSlr Isaac Pitman & Sons, LTD _c1947 |
||
| 300 | _aix,162 p. | ||
| 505 | _aGeneral Principles (Page-1), Accounting (Page-6), The Cash Book (Page-15), Capital (Page-19), Subsidiary Books and Departmental Accounts (Page-25), The Trial Balance Sectional Balancing (Page-30), The Trading Account Turnover (Page-41), Adjustments (Page-65), The Balance Sheet (Page-83), Limited Companies Balance Sheets (Page-98), Profits Inner Reserves (Page-111), Balance Sheet Analysis (Page-118), Cost Accounts (Page-137), Mechanization of Accounts (Page-146). | ||
| 650 |
_aAccounting _914627 |
||
| 942 |
_2ddc _cBK |
||
| 999 |
_c194855 _d194855 |
||